[Event "Israel Championship finals"]
[Site "?"]
[Date "2002.11.27"]
[Round "3"]
[White "Kagansky, Gleb"]
[Black "Polyakov, Alex"]
[Result "1-0"]
[WhiteElo "2315"]
[BlackElo "2311"]
[PlyCount "107"]

1. d4 e6 2. c4 b6 3. e4 Bb7 4. Nc3 Bb4 5. Bd3 Nc6 6. Nf3 Bxc3+ 7. bxc3 d6 8. c5
dxc5 9. dxc5 Nge7 10. O-O O-O 11. Qe2 Ng6 12. Bg5 f6 13. Be3 Qe7 14. Nd4 Rfd8
15. f4 Nxd4 16. cxd4 bxc5 17. dxc5 e5 18. f5 Nf4 19. Bc4+ Kh8 20. Qc2 Bc6 21.
h4 Rab8 22. g3 Nh5 23. Kh2 Rb4 24. a3 Ra4 25. Rfc1 g6 26. Bd5 Bb5 27. fxg6 hxg6
28. c6 a6 29. Bc5 Qe8 30. Rd1 f5 31. Bf7 Rxd1 32. Bxe8 Rxa1 33. Qb2 Rxe4 34.
Qxa1 f4 35. gxf4 Re2+ 36. Kh3 Bd3 37. Qxe5+ Rxe5 38. fxe5 Nf4+ 39. Kg3 Ne6 40.
Be7 Kg7 41. Kf2 Be4 42. Ke3 Bd5 43. Kd3 a5 44. Ke3 Kh6 45. Bd7 Kg7 46. Bxe6
Bxe6 47. Kd4 Kf7 48. Bd8 a4 49. Kc5 Bc8 50. Bxc7 Ke6 51. Bd6 Ba6 52. Kb6 Bc4
53. c7 Kd7 54. Kb7 1-0

[Event "Israel Championship Finals"]
[Site "?"]
[Date "2002.11.28"]
[Round "4"]
[White "Klenburg, Mikhail"]
[Black "Kundin, Alexander"]
[Result "1/2-1/2"]
[WhiteElo "2429"]
[BlackElo "2331"]
[PlyCount "42"]

1. e4 c5 2. d3 Nc6 3. g3 g6 4. Bg2 Bg7 5. f4 d6 6. Nf3 e6 7. O-O Nge7 8. c3 O-O
9. Be3 b6 10. Bf2 Ba6 11. Re1 Qc7 12. a4 Rad8 13. Na3 Qd7 14. Bh3 Rc8 15. Nc2
Rfd8 16. Qe2 Na5 17. Red1 Qe8 18. Nce1 Rc7 19. Ra3 Nac6 20. Qd2 Bb7 21. b4 e5
1/2-1/2

[Event "Israel Championship Finals"]
[Site "?"]
[Date "2002.11.28"]
[Round "4"]
[White "Golod, Vitali"]
[Black "Tseitlin, Mark"]
[Result "1/2-1/2"]
[WhiteElo "2523"]
[BlackElo "2472"]
[PlyCount "30"]

1. e4 c5 2. Nf3 Nc6 3. c3 d5 4. exd5 Qxd5 5. d4 Bg4 6. Be2 e6 7. O-O Nf6 8. Be3
cxd4 9. Nxd4 Bxe2 10. Qxe2 Nxd4 11. Bxd4 Be7 12. Rd1 Qc6 13. Nd2 O-O 14. Nf3
Rfd8 15. Ne5 Qe4 1/2-1/2

[Event "Israel Championship Finals"]
[Site "?"]
[Date "2002.11.28"]
[Round "4"]
[White "Kantsler, Boris"]
[Black "Greenfeld, Alon"]
[Result "1/2-1/2"]
[WhiteElo "2486"]
[BlackElo "2553"]
[PlyCount "35"]

1. d4 Nf6 2. Nf3 g6 3. Bg5 Bg7 4. Nbd2 c5 5. c3 cxd4 6. cxd4 d5 7. e3 Qb6 8.
Qb3 Qxb3 9. Nxb3 Ne4 10. Bh4 Nc6 11. Rc1 Bd7 12. Nc5 Nxc5 13. Rxc5 e6 14. Bb5
f6 15. Nd2 Ne7 16. Bd3 Kf7 17. Nb3 Rhc8 18. Kd2 1/2-1/2

[Event "Israel Championship Finals"]
[Site "?"]
[Date "2002.11.28"]
[Round "4"]
[White "Gofshtein, Zvulun (Leonid)"]
[Black "Vydeslaver, Alik"]
[Result "1-0"]
[WhiteElo "2519"]
[BlackElo "2434"]
[PlyCount "59"]

1. c4 e5 2. Nc3 Bb4 3. Nd5 Ba5 4. b4 c6 5. bxa5 cxd5 6. cxd5 Nf6 7. Qa4 O-O 8.
e4 d6 9. Ba3 Ne8 10. Bb5 Nd7 11. Rc1 Nc5 12. Bxc5 dxc5 13. Bxe8 Rxe8 14. Rxc5
Bd7 15. Qb3 b6 16. Rc3 bxa5 17. Nf3 Rb8 18. Qc2 Rb4 19. d3 Qb6 20. O-O Rb2 21.
Qc1 Rxa2 22. Nd2 Qb4 23. Nc4 Bb5 24. Ne3 a4 25. Rc8 a3 26. Nf5 g6 27. Rc7 Rf8
28. Qg5 Qb2 29. Nh6+ Kg7 30. Ng4 1-0

[Event "Israel Championship Finals"]
[Site "?"]
[Date "2002.11.28"]
[Round "4"]
[White "Hmelniker, Ilya"]
[Black "Kreizberg, Michael"]
[Result "1/2-1/2"]
[WhiteElo "2298"]
[BlackElo "2346"]
[PlyCount "116"]

1. d4 d5 2. Nf3 Nf6 3. c4 c6 4. e3 Bf5 5. Nc3 e6 6. Nh4 Be4 7. Qb3 Qb6 8. Qxb6
axb6 9. cxd5 exd5 10. Nxe4 Nxe4 11. Bd3 g6 12. f3 Ng5 13. O-O Be7 14. g3 O-O
15. Ng2 Ne6 16. Bd2 Nd7 17. Rfe1 Rfe8 18. Bc3 b5 19. Nf4 Nxf4 20. gxf4 f5 21.
e4 Bh4 22. Re2 fxe4 23. fxe4 dxe4 24. Rxe4 Rxe4 25. Bxe4 Nf6 26. Bg2 Nd5 27.
Bxd5+ cxd5 28. a3 Kf7 29. Kg2 Ke6 30. Kh3 Bf6 31. Kg4 h5+ 32. Kf3 Kf5 33. Re1
Rc8 34. Re2 Rg8 35. Re1 h4 36. Re2 Rh8 37. Bb4 Rg8 38. Be7 Bxd4 39. Rd2 Bg7 40.
Rxd5+ Ke6 41. Rxb5 Kxe7 42. Rxb7+ Ke6 43. Rb6+ Kf5 44. Rb5+ Ke6 45. Kg4 Bf6 46.
a4 Rd8 47. Rb6+ Rd6 48. Rxd6+ Kxd6 49. b4 Kc6 50. h3 Be7 51. b5+ Kb6 52. Kf3
Ka5 53. Kg4 Bd8 54. f5 g5 55. Kh5 Kb6 56. Kg4 Kc5 57. Kh5 Kd6 58. b6 Kc6
1/2-1/2

[Event "Israel Championship Finals"]
[Site "?"]
[Date "2002.11.28"]
[Round "4"]
[White "Zilberman, Yaacov"]
[Black "Vainshtein, Vladimir"]
[Result "1/2-1/2"]
[WhiteElo "2467"]
[BlackElo "2321"]
[PlyCount "76"]

1. d4 Nf6 2. Nf3 g6 3. c4 c5 4. d5 b5 5. Qc2 d6 6. e4 Bg7 7. Nbd2 O-O 8. cxb5
a6 9. b6 Nfd7 10. Nc4 Nxb6 11. Bd2 Nxc4 12. Bxc4 Bg4 13. Be2 Nd7 14. Rb1 a5 15.
a4 Nb6 16. b3 Qd7 17. Be3 f5 18. h3 Bxf3 19. Bxf3 f4 20. Bg4 Qe8 21. Bd2 c4 22.
O-O cxb3 23. Rxb3 Nxa4 24. Ra3 Nc5 25. Rxa5 Rxa5 26. Bxa5 Qb5 27. Bd2 Be5 28.
Rb1 Qa6 29. Be1 Ra8 30. Bf3 Kf7 31. Bb4 Qa2 32. Bd1 Qxc2 33. Bxc2 Ra2 34. Bxc5
dxc5 35. Bb3 Ra3 36. d6+ Ke8 37. dxe7 Kxe7 38. Bd5 Ra1 1/2-1/2

[Event "Israel Championship Finals"]
[Site "?"]
[Date "2002.11.28"]
[Round "4"]
[White "Shachar, Ehud"]
[Black "Roth, Efim"]
[Result "1-0"]
[WhiteElo "2374"]
[BlackElo "2125"]
[PlyCount "69"]

1. e4 c5 2. Nf3 d6 3. c3 Nf6 4. Bd3 Bg4 5. h3 Bxf3 6. Qxf3 Nc6 7. O-O e6 8. Bb5
Qb6 9. Na3 Be7 10. d3 O-O-O 11. Be3 Rhg8 12. d4 cxd4 13. cxd4 Nxd4 14. Qd1 e5
15. Bc4 Qxb2 16. Bxf7 Qxa3 17. Bxg8 Nxg8 18. Bxd4 exd4 19. Qg4+ Kb8 20. Qxg7 h6
21. Rab1 Qc5 22. Qf7 Qc6 23. Rfc1 Qd7 24. Qd5 Bf6 25. a4 Ne7 26. Qf7 Ng8 27.
Qb3 d5 28. Rc5 Ne7 29. Rb5 Kc8 30. Rxb7 Qc6 31. Rxa7 Be5 32. Rxe7 Bh2+ 33. Kxh2
Qd6+ 34. Qg3 Qxe7 35. Rb8+ 1-0

[Event "Israel Championship Finals"]
[Site "?"]
[Date "2002.11.28"]
[Round "4"]
[White "Postny, Evgeny"]
[Black "Bar, Roman"]
[Result "1/2-1/2"]
[WhiteElo "2497"]
[BlackElo "2413"]
[PlyCount "75"]

1. d4 Nf6 2. c4 e6 3. Nc3 Bb4 4. e3 b6 5. Nge2 Ne4 6. Qc2 Bb7 7. a3 Bxc3+ 8.
Nxc3 Nxc3 9. Qxc3 O-O 10. b4 d6 11. Bb2 Qf6 12. Qc2 Nd7 13. f3 Qh6 14. Qd2 f5
15. O-O-O Rae8 16. Be2 e5 17. d5 Nf6 18. Kb1 Kh8 19. Ka1 Rd8 20. Bd3 e4 21. Bc2
b5 22. cxb5 Bxd5 23. f4 Bc4 24. a4 Qg6 25. h3 Qg3 26. Qd4 d5 27. Rd2 Ra8 28.
Qc5 Rfc8 29. Bd4 a6 30. bxa6 Rxa6 31. Kb2 Raa8 32. a5 c6 33. Bxf6 gxf6 34. Ba4
Qg7 35. Kc3 Rab8 36. Rc1 Bb5 37. Kb3 Qd7 38. Rdc2 1/2-1/2

[Event "Israel Championship Finals"]
[Site "?"]
[Date "2002.11.28"]
[Round "4"]
[White "Michalevski, Victor"]
[Black "Porat, Shay"]
[Result "1-0"]
[WhiteElo "2524"]
[BlackElo "2343"]
[PlyCount "73"]

1. d4 Nf6 2. Nf3 g6 3. Bf4 Bg7 4. e3 O-O 5. Be2 d6 6. h3 c5 7. O-O Nc6 8. c3
Re8 9. Bh2 h6 10. d5 Ne5 11. Nxe5 dxe5 12. c4 Ne4 13. Nd2 Nd6 14. b4 b6 15.
bxc5 bxc5 16. Qc1 Qc7 17. Rb1 Bd7 18. Qc3 f6 19. Bd3 g5 20. Bg6 Rf8 21. f3 Rab8
22. Kh1 Rb6 23. Rb3 Ba4 24. Rxb6 axb6 25. f4 exf4 26. exf4 f5 27. Qa3 Bd7 28.
fxg5 hxg5 29. Qe3 f4 30. Qxe7 Qd8 31. Qe2 Qf6 32. Qh5 Rd8 33. h4 Be8 34. Qh7+
Kf8 35. Bxe8 Rxe8 36. hxg5 Qf5 37. Qxf5+ 1-0

[Event "Israel Championship Finals"]
[Site "?"]
[Date "2002.11.28"]
[Round "4"]
[White "Polyakov, Alex"]
[Black "Lederer, Yoav"]
[Result "1/2-1/2"]
[WhiteElo "2311"]
[BlackElo "2272"]
[PlyCount "97"]

1. e4 c5 2. g3 Nc6 3. Bg2 g6 4. Ne2 Bg7 5. O-O e5 6. Na3 Nge7 7. Nc4 d5 8. exd5
Nxd5 9. Nc3 Nb6 10. b3 Be6 11. Ba3 Nxc4 12. bxc4 Qa5 13. Rb1 Bxc4 14. Rxb7 Nd8
15. Rb1 Rc8 16. Qg4 Ba6 17. Bc1 f5 18. Qh4 Bxf1 19. Nd5 Nc6 20. Nf6+ Bxf6 21.
Qxf6 Bxg2 22. Qxh8+ Kd7 23. Qg7+ Ne7 24. Kxg2 Rc7 25. Qxe5 Qxa2 26. Rb3 Qxc2
27. Re3 Kc8 28. Bb2 Nc6 29. Qe6+ Kb7 30. Bc3 Re7 31. Qg8 Rxe3 32. fxe3 Qe4+ 33.
Kf2 Qe7 34. Qb3+ Kc7 35. Qb5 Qd6 36. Qa6 Kd7 37. Qb5 Ke6 38. Qb7 Qd7 39. Qb5
Qd5 40. Qa6 Kd6 41. Qb7 h5 42. h4 a5 43. Qa6 c4 44. Qa8 Kc5 45. Bxa5 Qh1 46.
Bc7 Qh2+ 47. Ke1 Qg1+ 48. Ke2 Qg2+ 49. Ke1 1/2-1/2

[Event "Israel Championship Finals"]
[Site "?"]
[Date "2002.11.28"]
[Round "4"]
[White "Sutovsky, Emil"]
[Black "Erenburg, Sergey"]
[Result "1-0"]
[WhiteElo "2657"]
[BlackElo "2494"]
[PlyCount "133"]

1. e4 c6 2. d4 d5 3. e5 Bf5 4. Nc3 e6 5. g4 Bg6 6. Nge2 Ne7 7. f4 h5 8. f5 Bh7
9. Bg5 hxg4 10. fxe6 fxe6 11. Nf4 Bf5 12. Bd3 Qd7 13. Na4 b6 14. Bxf5 Nxf5 15.
Qxg4 Na6 16. O-O Nc7 17. Nxe6 Nxe6 18. Qxf5 Be7 19. Qg6+ Kd8 20. Bxe7+ Qxe7 21.
Rf2 Qg5+ 22. Qxg5+ Nxg5 23. Rf5 Ne6 24. Rf7 Ke8 25. Raf1 Rf8 26. Rb7 Rxf1+ 27.
Kxf1 Kd8 28. Kf2 Nc7 29. Kf3 Kc8 30. Rxb6 axb6 31. Nxb6+ Kd8 32. Nxa8 Nxa8 33.
Kf4 Ke7 34. Kf5 Nc7 35. Kg6 Ne6 36. c3 Kf8 37. a4 Nc7 38. b3 Ne6 39. a5 Nc7 40.
h3 Kg8 41. Kg5 Kf8 42. Kf5 Kf7 43. h4 Ke7 44. Kg6 Kf8 45. Kh5 Ke7 46. Kg6 Kf8
47. h5 Kg8 48. Kg5 Kf8 49. Kg6 Kg8 50. Kf5 Kf7 51. Kg4 Ke6 52. Kf4 Kf7 53. c4
Ke6 54. cxd5+ cxd5 55. b4 Kf7 56. Kg4 Ke6 57. Kg5 Kf7 58. Kf4 Ke6 59. Kg4 Kf7
60. a6 Nxa6 61. b5 Nb4 62. b6 Nc6 63. b7 Ke7 64. Kg5 Kf7 65. e6+ Kf8 66. Kg6
Kg8 67. b8=Q+ 1-0

[Event "Israel Championship Finals"]
[Site "?"]
[Date "2002.11.29"]
[Round "5"]
[White "Bar, Roman"]
[Black "Zilberman, Yaacov"]
[Result "1/2-1/2"]
[WhiteElo "2413"]
[BlackElo "2467"]
[PlyCount "47"]
[EventDate "2002.??.??"]

1. e4 e5 2. Nf3 Nc6 3. Bb5 a6 4. Ba4 Nf6 5. O-O Be7 6. Re1 b5 7. Bb3 d6 8. c3
O-O 9. h3 h6 10. d4 Re8 11. Nbd2 Bf8 12. Nf1 Bb7 13. Ng3 Na5 14. Bc2 Nc4 15. a4
d5 16. b3 dxe4 17. Nxe4 Nxe4 18. Bxe4 Bxe4 19. Rxe4 Qd5 20. Re1 Na5 21. axb5
Nxb3 22. Rxa6 exd4 23. Rxa8 Rxa8 24. Nxd4 1/2-1/2

[Event "Israel Championship Finals"]
[Site "?"]
[Date "2002.11.29"]
[Round "5"]
[White "Kreizberg, Michael"]
[Black "Deutsch, Eyal"]
[Result "1/2-1/2"]
[WhiteElo "2346"]
[BlackElo "2272"]
[PlyCount "76"]

1. Nf3 Nf6 2. c4 e6 3. g3 b6 4. Bg2 Bb7 5. O-O Be7 6. Nc3 c5 7. Re1 O-O 8. e4
d6 9. d4 cxd4 10. Nxd4 Qc8 11. b3 Nc6 12. Ba3 Nxd4 13. Qxd4 Rd8 14. Rad1 Ne8
15. Qe3 Bf8 16. Rd2 Bc6 17. Red1 Qb7 18. Nb5 Bxb5 19. cxb5 Rac8 20. Bb4 Qb8 21.
Rd4 Rc2 22. a4 Rdc8 23. Bf1 R2c7 24. Bd3 g6 25. Bc4 Rd8 26. R4d3 Bg7 27. Qd2
Rcc8 28. Bxd6 Nxd6 29. Rxd6 Rxd6 30. Qxd6 Qxd6 31. Rxd6 Rc7 32. f4 Bf8 33. Rd8
Kg7 34. Kg2 Be7 35. Re8 Rd7 36. Kf3 h6 37. h3 Bc5 38. Ra8 h5 1/2-1/2

[Event "Israel Championship Finals"]
[Site "?"]
[Date "2002.11.29"]
[Round "5"]
[White "Vainshtein, Vladimir"]
[Black "Gershon, Alik"]
[Result "0-1"]
[WhiteElo "2321"]
[BlackElo "2562"]
[PlyCount "74"]

1. e4 c5 2. Nf3 e6 3. d4 cxd4 4. Nxd4 Nc6 5. Bf4 d6 6. Bg3 Nf6 7. Nc3 Be7 8.
Ndb5 Ne5 9. f4 Nc6 10. e5 dxe5 11. fxe5 Nd7 12. Nd6+ Bxd6 13. Qxd6 Qe7 14. Bb5
Qxd6 15. exd6 a6 16. Bxc6 bxc6 17. O-O-O f6 18. Ne4 e5 19. Bf2 O-O 20. Nc5 Nxc5
21. Bxc5 Bd7 22. Rhe1 Kf7 23. Rd3 g5 24. c4 h5 25. Rb3 Rfb8 26. Ree3 Rxb3 27.
Rxb3 f5 28. Rb7 Ke6 29. Kd2 f4 30. Kd3 g4 31. a4 h4 32. Ra7 Rxa7 33. Bxa7 Kxd6
34. Bb8+ Ke6 35. Ke4 c5 36. Bxe5 f3 37. gxf3 gxf3 0-1

[Event "Israel Championship Finals"]
[Site "?"]
[Date "2002.11.29"]
[Round "5"]
[White "Michalevski, Victor"]
[Black "Finkel, Alexander"]
[Result "1-0"]
[WhiteElo "2524"]
[BlackElo "2485"]
[PlyCount "45"]

1. Nf3 d6 2. c4 Bg4 3. Qb3 Bxf3 4. gxf3 Qc8 5. Bh3 e6 6. d4 Nc6 7. d5 Nd8 8.
Nc3 Nf6 9. Bf4 Be7 10. c5 O-O 11. Rg1 Nh5 12. cxd6 cxd6 13. dxe6 Nxe6 14. Nd5
Qd8 15. Bd2 Bg5 16. Bc3 Nef4 17. Bf1 Rc8 18. Rd1 b6 19. e3 Ne6 20. Bh3 Be7 21.
Bg4 Nf6 22. Bxe6 fxe6 23. Nf4 1-0

[Event "Israel Championship Finals"]
[Site "?"]
[Date "2002.11.29"]
[Round "5"]
[White "Erenburg, Sergey"]
[Black "Shachar, Ehud"]
[Result "0-1"]
[WhiteElo "2494"]
[BlackElo "2374"]
[PlyCount "70"]

1. e4 e6 2. d4 d5 3. e5 c5 4. c3 Nc6 5. Nf3 Qb6 6. a3 a5 7. Bd3 Bd7 8. Bc2 h5
9. O-O Nh6 10. b3 Be7 11. Ra2 cxd4 12. cxd4 Rc8 13. Kh1 g5 14. Be3 Nf5 15. Bxf5
exf5 16. Nxg5 f4 17. Bxf4 Qxd4 18. Bd2 Nxe5 19. Nf3 Nxf3 20. Qxf3 Qg4 21. Qd3
Rg8 22. Rg1 d4 23. f3 Qh4 24. Qh7 Rg6 25. Qh8+ Bf8 26. Bxa5 Qf6 27. Re2+ Be6
28. Qxh5 Rc5 29. Qh3 Rxa5 30. f4 Qxf4 31. Qd3 Rh6 32. g3 Qf5 33. Qxd4 Qf3+ 34.
Rgg2 Rxh2+ 35. Kxh2 Rh5+ 0-1

[Event "Israel Championship Finals"]
[Site "?"]
[Date "2002.11.29"]
[Round "5"]
[White "Kagansky, Gleb"]
[Black "Hmelniker, Ilya"]
[Result "1/2-1/2"]
[WhiteElo "2315"]
[BlackElo "2298"]
[PlyCount "123"]

1. d4 f5 2. g3 Nf6 3. Bg2 e6 4. c4 c6 5. Nh3 d6 6. O-O e5 7. dxe5 dxe5 8. Qxd8+
Kxd8 9. Ng5 Ke8 10. e4 Bd6 11. exf5 Bxf5 12. Nc3 Nbd7 13. Nge4 Bb4 14. a3 Be7
15. Re1 Kd8 16. b4 a5 17. b5 Kc7 18. f4 Nxe4 19. Nxe4 Bxe4 20. Bxe4 Rhe8 21.
Bc2 Nc5 22. fxe5 Rad8 23. Bxh7 Nb3 24. Ra2 Nxc1 25. Rxc1 Bc5+ 26. Kg2 Rxe5 27.
Rf1 Rde8 28. Rf7+ R8e7 29. Rxe7+ Rxe7 30. a4 Kb6 31. Kf3 Bd4 32. Re2 Rf7+ 33.
Kg4 Kc5 34. Re6 Rf2 35. h4 cxb5 36. cxb5 Ra2 37. Be4 b6 38. Rc6+ Kb4 39. Bd3
Rxa4 40. Rc4+ Ka3 41. Rxa4+ Kxa4 42. Kf3 Kb4 43. g4 a4 44. Bf5 Kxb5 45. Ke2 Kb4
46. Kd3 Bf2 47. h5 b5 48. Bd7 Bh4 49. Be8 Bf6 50. Bd7 Kc5 51. Be8 Bg5 52. Bd7
a3 53. Be6 Kd6 54. Bf7 Ke5 55. Kc2 Kf4 56. Kb3 Be7 57. Be6 Ke5 58. Bd7 b4 59.
Bf5 Bf6 60. Bb1 Be7 61. Bh7 Kf4 62. Bf5 1/2-1/2

[Event "Israel Championship Finals"]
[Site "?"]
[Date "2002.11.29"]
[Round "5"]
[White "Kundin, Alexander"]
[Black "Postny, Evgeny"]
[Result "1/2-1/2"]
[WhiteElo "2429"]
[BlackElo "2497"]
[PlyCount "71"]

1. e4 e5 2. Nf3 Nc6 3. Bb5 a6 4. Ba4 Nf6 5. Qe2 b5 6. Bb3 Be7 7. c3 O-O 8. O-O
d6 9. Rd1 Na5 10. Bc2 c5 11. d4 Qc7 12. d5 Bd7 13. b3 Ne8 14. Nbd2 g6 15. Bd3
Ng7 16. b4 Nb7 17. Bb2 c4 18. Bc2 a5 19. bxa5 Nc5 20. Ba3 Rxa5 21. Bb4 Ra7 22.
Qe3 Rc8 23. a4 bxa4 24. Nxc4 f6 25. Ra3 Bb5 26. Nb2 Na6 27. Bxa4 Nxb4 28. cxb4
Bxa4 29. Nxa4 Qb8 30. Qb3 Rb7 31. Qe3 Rxb4 32. Nc3 Bd8 33. Rda1 Bb6 34. Qd2 Bc5
35. R3a2 f5 36. Qh6 1/2-1/2

[Event "Israel Championship Finals"]
[Site "?"]
[Date "2002.11.29"]
[Round "5"]
[White "Lerner, Konstantin"]
[Black "Golod, Vitali"]
[Result "1/2-1/2"]
[WhiteElo "2504"]
[BlackElo "2523"]
[PlyCount "78"]

1. d4 Nf6 2. c4 g6 3. Nc3 Bg7 4. e4 d6 5. Be2 O-O 6. Bg5 Na6 7. h4 c5 8. d5 e6
9. Qd2 exd5 10. exd5 Qe8 11. Kf1 Ne4 12. Nxe4 Qxe4 13. Rd1 Bf5 14. f3 Qd4 15.
g4 Qxd2 16. Rxd2 Bb1 17. a3 f5 18. gxf5 Bxf5 19. Be7 Rfe8 20. Bxd6 Bh6 21. Rd1
Rad8 22. Bg3 Re3 23. Be1 Bg7 24. b4 Rxa3 25. bxc5 Rc8 26. Nh3 Nxc5 27. Bb4 Ra2
28. Nf2 Bf8 29. d6 b6 30. Ng4 Rd8 31. Nf6+ Kf7 32. Bxc5 bxc5 33. Nxh7 Bxd6 34.
Ng5+ Kf6 35. Ne4+ Ke7 36. Nc3 Ra3 37. Nb5 Ra2 38. Nc3 Ra3 39. Nb5 Ra2 1/2-1/2

[Event "Israel Championship Finals"]
[Site "?"]
[Date "2002.11.29"]
[Round "5"]
[White "Porat, Shay"]
[Black "Polyakov, Alex"]
[Result "1/2-1/2"]
[WhiteElo "2343"]
[BlackElo "2311"]
[PlyCount "89"]

1. d4 d5 2. c4 c6 3. Nf3 Nf6 4. e3 g6 5. Nc3 Bg7 6. Qb3 O-O 7. Bd2 e6 8. Bd3 b6
9. O-O Ba6 10. Rfd1 Qe7 11. e4 Qb7 12. Bg5 h6 13. Bh4 dxc4 14. Bxc4 Nbd7 15.
Rac1 Rac8 16. e5 Bxc4 17. Qxc4 Nd5 18. Ne4 Qa8 19. Qa4 a5 20. Qa3 Rc7 21. Bg3
Re8 22. Nd6 Rb8 23. Nd2 c5 24. Qf3 Rf8 25. dxc5 Rxc5 26. Rxc5 Nxc5 27. N2c4 a4
28. h4 h5 29. Qa3 Qc6 30. Ne3 Nxe3 31. Qxe3 Rd8 32. Rd4 Rd7 33. Bf4 Qa8 34. Bh6
Bxh6 35. Qxh6 Qd8 36. b4 axb3 37. axb3 Qf8 38. Qe3 Qa8 39. b4 Nb7 40. Nb5 Qa1+
41. Kh2 Rxd4 42. Nxd4 Qa2 43. Nb3 Qb2 44. g3 b5 45. Nc5 1/2-1/2

[Event "Israel Championship Finals"]
[Site "?"]
[Date "2002.11.29"]
[Round "5"]
[White "Lederer, Yoav"]
[Black "Bitansky, Igor"]
[Result "1/2-1/2"]
[WhiteElo "2272"]
[BlackElo "2370"]
[PlyCount "99"]

1. e4 d5 2. exd5 Qxd5 3. Nc3 Qa5 4. g3 Nf6 5. Bg2 c6 6. Nf3 Bg4 7. h3 Bh5 8. b4
Qc7 9. b5 e6 10. O-O Bd6 11. bxc6 bxc6 12. d4 Nbd7 13. g4 Bg6 14. Nh4 Nd5 15.
Ne2 Rc8 16. c4 Nf4 17. Nxf4 Bxf4 18. d5 cxd5 19. Nxg6 hxg6 20. cxd5 Nc5 21.
dxe6 Nxe6 22. Ba3 Qa5 23. Qf3 f6 24. Rfd1 Kf7 25. Qb3 Rhe8 26. Rd7+ Kg8 27. Be7
Qe5 28. Bd5 Rc3 29. Bxe6+ Kh8 30. Qd5 Qe2 31. Rb1 Rf3 32. Bc5 Rxe6 33. Rxg7
Kxg7 34. Rb7+ Kg8 35. Re7 Qe1+ 36. Kg2 Rg3+ 37. fxg3 Qxg3+ 38. Kf1 Qxh3+ 39.
Kf2 Bg3+ 40. Kg1 Bh2+ 41. Kf2 Bg3+ 42. Kg1 Qh2+ 43. Kf1 Qe2+ 44. Kg1 Qh2+ 45.
Kf1 Qh3+ 46. Kg1 Bh2+ 47. Kf2 Qg3+ 48. Kf1 Qh3+ 49. Kf2 Qg3+ 50. Kf1 1/2-1/2

[Event "Israel Championship Finals"]
[Site "?"]
[Date "2002.11.30"]
[Round "6"]
[White "Deutsch, Eyal"]
[Black "Vainshtein, Vladimir"]
[Result "1/2-1/2"]
[WhiteElo "2272"]
[BlackElo "2321"]
[PlyCount "58"]

1. e4 c6 2. Nc3 d5 3. Nf3 Bg4 4. h3 Bxf3 5. Qxf3 e6 6. a3 Nf6 7. g4 Be7 8. d3
O-O 9. Bg2 Nbd7 10. O-O b5 11. Qg3 a5 12. e5 Ne8 13. a4 Qb8 14. axb5 cxb5 15.
d4 b4 16. Ne2 Qc7 17. Qd3 g6 18. Bh6 Ng7 19. b3 Rfc8 20. Ra2 Nb6 21. Rfa1 a4
22. bxa4 Nc4 23. Bc1 Ra7 24. Bf1 Qc6 25. Qb3 Na5 26. Qb1 h5 27. Bd2 Rb7 28. Qd1
hxg4 29. hxg4 b3 1/2-1/2

[Event "Israel Championship Finals"]
[Site "?"]
[Date "2002.11.30"]
[Round "6"]
[White "Gofshtein, Zvulun (Leonid)"]
[Black "Michalevski, Victor"]
[Result "1-0"]
[WhiteElo "2519"]
[BlackElo "2524"]
[PlyCount "97"]

1. e4 e5 2. Nf3 Nc6 3. Bb5 a6 4. Ba4 Nf6 5. O-O Nxe4 6. d4 b5 7. Bb3 d5 8. dxe5
Be6 9. Nbd2 Nc5 10. c3 Be7 11. Bc2 Bg4 12. Re1 O-O 13. Nb3 Ne6 14. a4 Rb8 15.
axb5 axb5 16. Qd3 g6 17. Bh6 Re8 18. Rad1 Bf5 19. Qe2 Bxc2 20. Qxc2 Qd7 21. h3
Ncd8 22. Qd2 c6 23. Nh2 f5 24. exf6 Bxf6 25. Ng4 Bh8 26. Re2 Nf7 27. Rde1 Nd6
28. Bf4 Nxf4 29. Qxf4 Rxe2 30. Rxe2 Rf8 31. Nh6+ Kg7 32. Qd4+ Kxh6 33. Qh4+ Kg7
34. Re7+ Rf7 35. Rxd7 Rxd7 36. Qd4+ Kg8 37. Qb6 Nc4 38. Qxc6 Rd8 39. Qe6+ Kf8
40. Nc5 Ne5 41. Qb6 Re8 42. Qd6+ Kg8 43. Qxd5+ Nf7 44. Ne6 h6 45. f4 Rb8 46.
Qe4 Kh7 47. h4 Nd6 48. Qc6 Ne8 49. h5 1-0

[Event "Israel Championship Finals"]
[Site "?"]
[Date "2002.11.30"]
[Round "6"]
[White "Shachar, Ehud"]
[Black "Tseitlin, Mark"]
[Result "1-0"]
[WhiteElo "2374"]
[BlackElo "2472"]
[PlyCount "93"]

1. e4 g6 2. d4 Bg7 3. Nf3 d6 4. c3 Nf6 5. Qc2 O-O 6. Be2 c5 7. dxc5 dxc5 8. O-O
Qc7 9. Bc4 Nc6 10. Re1 a6 11. a4 Na5 12. Ba2 c4 13. Na3 Bg4 14. Qe2 Rac8 15. h3
Bxf3 16. Qxf3 Nd7 17. Bf4 Qc6 18. Nc2 e6 19. Nb4 Qc5 20. Rad1 Ne5 21. Bxe5 Bxe5
22. Rd7 Rcd8 23. Red1 Qc8 24. Qxf7+ Rxf7 25. Rxd8+ Qxd8 26. Rxd8+ Kg7 27. g3
Bc7 28. Rd2 g5 29. Kg2 Bb6 30. Nc2 Kf6 31. Nd4 Bxd4 32. Rxd4 b5 33. Rd6 Ra7 34.
f4 gxf4 35. gxf4 bxa4 36. f5 Rb7 37. Rxe6+ Kg5 38. Rxa6 Rxb2+ 39. Kg3 Rxa2 40.
h4+ Kh5 41. Rxa5 a3 42. Ra7 h6 43. e5 Ra1 44. e6 a2 45. Kf2 Rb1 46. e7 Rb2+ 47.
Kf3 1-0

[Event "Israel Championship Finals"]
[Site "?"]
[Date "2002.11.30"]
[Round "6"]
[White "Avrukh, Boris"]
[Black "Greenfeld, Alon"]
[Result "1/2-1/2"]
[WhiteElo "2595"]
[BlackElo "2553"]
[PlyCount "68"]

1. d4 Nf6 2. c4 g6 3. Nc3 d5 4. Nf3 Bg7 5. cxd5 Nxd5 6. e4 Nxc3 7. bxc3 c5 8.
Rb1 O-O 9. Be2 Nc6 10. d5 Ne5 11. Nxe5 Bxe5 12. Qd2 Bg7 13. f4 e5 14. O-O exf4
15. Qxf4 f5 16. e5 Bxe5 17. Qxe5 Re8 18. Qg3 Rxe2 19. Re1 Qe8 20. Bh6 Bd7 21.
Rxe2 Qxe2 22. h3 b6 23. Qc7 Qe8 24. c4 Kf7 25. Bg5 h6 26. Bh4 g5 27. Bg3 f4 28.
Re1 Qd8 29. Qd6 Bf5 30. Qxh6 Qf6 31. Qh5+ Bg6 32. Qg4 Bf5 33. Qh5+ Bg6 34. Qg4
Bf5 1/2-1/2

[Event "Israel Championship Finals"]
[Site "?"]
[Date "2002.11.30"]
[Round "6"]
[White "Hmelniker, Ilya"]
[Black "Erenburg, Sergey"]
[Result "0-1"]
[WhiteElo "2298"]
[BlackElo "2494"]
[PlyCount "106"]

1. d4 d5 2. Nf3 Nf6 3. c4 c6 4. e3 Bf5 5. Nc3 e6 6. Nh4 Bg6 7. Qb3 Qc7 8. Nxg6
hxg6 9. h3 Nbd7 10. Bd2 Be7 11. Rc1 Nb6 12. cxd5 exd5 13. Bd3 O-O 14. O-O Rfe8
15. Qc2 Rad8 16. Ne2 Bd6 17. b4 Qe7 18. b5 Ba3 19. Rcd1 c5 20. dxc5 Bxc5 21.
Bc3 Ne4 22. Ba1 Bd6 23. Bxe4 dxe4 24. Qc3 f6 25. Qa5 Bb4 26. Qxa7 Ra8 27. Qxb6
Bc5 28. Rd7 Bxb6 29. Rxe7 Rxe7 30. Nc3 Ba5 31. Nd5 Rd7 32. Nf4 Kf7 33. Bd4 Bd2
34. Ne2 Rxa2 35. Nc1 Ra3 36. Rd1 Bc3 37. Ne2 Ba5 38. Rb1 Ra4 39. Bc3 Bxc3 40.
Nxc3 Rc4 41. Ne2 Rdc7 42. Rb3 Rc2 43. Nd4 Ra2 44. Rb1 Rc3 45. g4 Ke7 46. h4 Rd3
47. Rc1 Rdd2 48. Rf1 Kd6 49. Kg2 Ra3 50. h5 gxh5 51. gxh5 Ke5 52. Re1 f5 53.
Kg1 f4 0-1

[Event "Israel Championship Finals"]
[Site "?"]
[Date "2002.11.30"]
[Round "6"]
[White "Finkel, Alexander"]
[Black "Kundin, Alexander"]
[Result "1-0"]
[WhiteElo "2485"]
[BlackElo "2429"]
[PlyCount "75"]

1. e4 c5 2. Nf3 d6 3. c3 Nf6 4. Bd3 Nc6 5. Bc2 Bg4 6. d3 g6 7. Nbd2 Bg7 8. h3
Bxf3 9. Nxf3 O-O 10. O-O Nd7 11. Be3 b5 12. a3 Nb6 13. Qe2 a5 14. Rad1 Qb8 15.
d4 cxd4 16. cxd4 Nc4 17. Bc1 a4 18. Bd3 Rc8 19. Bf4 Qb6 20. Be3 N6a5 21. Bg5
Ra7 22. e5 d5 23. h4 b4 24. axb4 Qxb4 25. e6 Qxb2 26. exf7+ Kxf7 27. Ne5+ Bxe5
28. Qg4 Rd8 29. dxe5 Qxe5 30. Rfe1 Qd6 31. h5 Nc6 32. Qh3 Rf8 33. Bh6 Rd8 34.
Bg5 Rf8 35. hxg6+ hxg6 36. Be4 Ra5 37. Rxd5 Rxd5 38. Bxd5+ 1-0